00670cam a22002174a 4500008004100000020001800041245008400059260004400143300003400187440002900221650002200250650001700272650003300289710001500322730002500337776003400362830002900396003000100425005001700426040000900443  a978082137859500aGlobal Monitoring Report 2009h[electronic resource] :ba Development Emergency aWashington, D.C.bThe World Bank,c2009 axvi, 219 p. :bill. ;c24 cm. aGlobal Monitoring Report aAccess to Finance aDebt Markets aEconomic Theory and Research2 aWorld Bank0 aWorld Bank eLibrary.08aPrint Version:z9780821378595 0aGlobal Monitoring Report20230123125441.0 cNUST